000 01453nam a2200325 c 4500
003 BLK
005 20240119112233.0
008 180411b bul|||||r ||||||| ||bul||
010 _aKNG00191224000
040 _aBLK
041 _aBUL
_cBUL
080 _aБългарска литература
_b821.163.2
_x(081)
_z821.163.2(081)
080 _aБългарска литература
_b821.163.2
_x-31
_z821.163.2-31
100 1 _aГуляшки, Андрей Стоянов
_eпърви автор
_9368225
139 _aГуляшки, Андрей Стоянов
_bГ 92
245 1 0 _aИзбрани произведения
_bВ 4 т. За том: Романи
_cАндрей Стоянов Гуляшки.
_nТ. 2.
_pДомът с махагоновото стълбище ; Един ден и една нощ - след десет години
257 _aBGR
260 София
_bБълг. писател
_c1984 -
300 _c21 см
380 _aX
500 _a30 113 тир.
653 _aромани
760 1 _aГуляшки, Андрей Стоянов
_d1984
_h528 с.
_tТ. 2. Домът с махагоновото стълбище ; Един ден и една нощ - след десет години
852 _aЦб 125464
856 4 _qpdf
_u
856 4 _qpdf
_u
942 _cKNG
_n0
_02
944 _aCR
_c30.09.2016
_k30576
_lЦветомила Тодорова
944 _aED
_c30.09.2016
_kПравда_Бадева
999 _c182301
_d182301